<?xml version="1.0" encoding="UTF-8"?>
<record
    xmlns:xsi="http://www.w3.org/2001/XMLSchema-instance"
    xsi:schemaLocation="http://www.loc.gov/MARC21/slim http://www.loc.gov/standards/marcxml/schema/MARC21slim.xsd"
    xmlns="http://www.loc.gov/MARC21/slim">

  <leader>00905nam2a22002411  4500</leader>
  <controlfield tag="001">rc\209262</controlfield>
  <controlfield tag="005">20260327161004.0</controlfield>
  <datafield tag="035" ind1=" " ind2=" ">
    <subfield code="a">(NLR Aleph) 008743645</subfield>
  </datafield>
  <datafield tag="090" ind1=" " ind2=" ">
    <subfield code="a">9542175</subfield>
    <subfield code="c">9542175</subfield>
  </datafield>
  <datafield tag="100" ind1=" " ind2=" ">
    <subfield code="a">20030307d1992    u  y0rusy50      ca</subfield>
  </datafield>
  <datafield tag="101" ind1="0" ind2=" ">
    <subfield code="a">rus</subfield>
  </datafield>
  <datafield tag="102" ind1=" " ind2=" ">
    <subfield code="a">RU</subfield>
  </datafield>
  <datafield tag="105" ind1=" " ind2=" ">
    <subfield code="a">a   |||||||||</subfield>
  </datafield>
  <datafield tag="200" ind1="1" ind2=" ">
    <subfield code="a">&#x422;&#x43E;&#x43B;&#x44C;&#x43A;&#x43E; &#x437;&#x430; &#x43D;&#x430;&#x43B;&#x438;&#x447;&#x43D;&#x44B;&#x435;</subfield>
    <subfield code="a">&#x41C;&#x435;&#x440;&#x442;&#x432;&#x44B;&#x435; &#x43C;&#x43E;&#x43B;&#x447;&#x430;&#x442;</subfield>
    <subfield code="a">&#x41B;&#x438;&#x448;&#x43D;&#x438;&#x439; &#x43A;&#x43E;&#x437;&#x44B;&#x440;&#x44C; &#x432; &#x440;&#x443;&#x43A;&#x430;&#x432;&#x435;</subfield>
    <subfield code="e">[&#x414;&#x435;&#x442;&#x435;&#x43A;&#x442;&#x438;&#x432;. &#x440;&#x43E;&#x43C;&#x430;&#x43D;&#x44B;</subfield>
    <subfield code="f">&#x425;&#x443;&#x434;&#x43E;&#x436;. &#x421;. &#x411;&#x430;&#x43B;&#x435;&#x43D;&#x43E;&#x43A;, &#x421;. &#x412;&#x43E;&#x439;&#x447;&#x435;&#x43D;&#x43A;&#x43E;]</subfield>
  </datafield>
  <datafield tag="210" ind1=" " ind2=" ">
    <subfield code="d">1992</subfield>
  </datafield>
  <datafield tag="215" ind1=" " ind2=" ">
    <subfield code="a">373, [1] &#x441;., [12] &#x43B;. &#x438;&#x43B;.</subfield>
    <subfield code="c">&#x438;&#x43B;.</subfield>
  </datafield>
  <datafield tag="461" ind1=" " ind2="0">
    <subfield code="1">001rc\209257</subfield>
    <subfield code="1">2001#$a&#x421;&#x43E;&#x431;&#x440;&#x430;&#x43D;&#x438;&#x435; &#x441;&#x43E;&#x447;&#x438;&#x43D;&#x435;&#x43D;&#x438;&#x439;$e&#x412; 7 &#x442;.$e[&#x41F;&#x435;&#x440;&#x435;&#x432;&#x43E;&#x434;]$v&#x422;. 6</subfield>
    <subfield code="1">700#1$a&#x427;&#x435;&#x439;&#x437;$b&#x414;. &#x425;.$f1906-1985$g&#x414;&#x436;&#x435;&#x439;&#x43C;&#x441; &#x425;&#x44D;&#x434;&#x43B;&#x438;$3RU\NLR\auth\77817</subfield>
  </datafield>
  <datafield tag="801" ind1=" " ind2="0">
    <subfield code="a">RU</subfield>
    <subfield code="b">NLR</subfield>
    <subfield code="g">psbo</subfield>
  </datafield>
  <datafield tag="801" ind1=" " ind2="1">
    <subfield code="a">RU</subfield>
    <subfield code="b">ELAR</subfield>
    <subfield code="2">rusmarc</subfield>
  </datafield>
  <datafield tag="852" ind1=" " ind2=" ">
    <subfield code="a">NLR</subfield>
    <subfield code="j">91-3/10284</subfield>
  </datafield>
  <datafield tag="942" ind1=" " ind2=" ">
    <subfield code="c">BOOK</subfield>
  </datafield>
  <datafield tag="980" ind1=" " ind2=" ">
    <subfield code="a">NB</subfield>
  </datafield>
  <datafield tag="995" ind1=" " ind2=" ">
    <subfield code="5">2013-10-26</subfield>
    <subfield code="b">NLR01</subfield>
    <subfield code="c">NLR01</subfield>
    <subfield code="e">RF9</subfield>
    <subfield code="f">8743645-10</subfield>
    <subfield code="k">91-3/10284</subfield>
    <subfield code="o">0</subfield>
    <subfield code="r">BOOK</subfield>
    <subfield code="s">91310284_</subfield>
  </datafield>
</record>
